| 000 | 00510nam a2200205 a 4500 | ||
|---|---|---|---|
| 999 |
_c4651 _d4651 |
||
| 001 | 4651 | ||
| 003 | BD-JhCC | ||
| 005 | 20171129165547.0 | ||
| 008 | 171129s1962 b ||||| |||| 00| 0 eng d | ||
| 035 | _a(BD-JhCC) | ||
| 040 |
_aBD-JhCC _dBD-JhCC |
||
| 041 | _aeng | ||
| 082 |
_a823.914 _bASH 1962 |
||
| 100 | _aAshraf, Ali, Syed | ||
| 245 |
_aThe Magig Casement / _cSyed Ali Ashraf |
||
| 260 |
_aDacca : _bOxford University Press, _c1962 |
||
| 300 |
_a71 p. : _c20cm. |
||
| 650 | _aStories | ||
| 942 |
_2ddc _cBK |
||